Factores de la enseñanza que favorecen el aprendizaje autónomo /
Guardado en:
| Autor Principal: | |
|---|---|
| Formato: | Libro |
| Publicado: |
España :
Narcea,
1991
|
| Materias: | |
| Etiquetas: |
Agregar Etiqueta
Sin Etiquetas, Sea el primero en etiquetar este registro!
|
| LEADER | 01306nam a22002775a 4500 | ||
|---|---|---|---|
| 001 | CEM.cems007092 | ||
| 008 | 130507s1991##################000#0#####d | ||
| 005 | 20210920150521.0 | ||
| 003 | CEMS | ||
| 245 | 1 | 0 | |a Factores de la enseñanza que favorecen el aprendizaje autónomo / |
| 260 | |a España : |b Narcea, |c 1991 | ||
| 300 | |a 365 p. | ||
| 505 | 0 | |a Enseñar: conducir del hacer al aprender.-Aprendizaje social: el trato con el otro, con el grupo y con las instituciónes.-Motivación para el aprendizaje y el aprendizaje de motivos.-Aprender a aprender.-Entendimiento mutuo.-Planes de enseñanza, objetivos de aprendizaje y preparación de clases.-Exámenes y calificaciones.- | |
| 100 | 1 | |a Aebli, Hans | |
| 082 | 0 | 4 | |a 371.3 |
| 653 | |a Aprendizaje | ||
| 653 | |a Aprendizaje autonomo | ||
| 653 | |a Aprendizaje social | ||
| 653 | |a Curriculum | ||
| 653 | |a Disciplina escolar | ||
| 859 | |a CEMS |b BIB. CEMS - 11 de abril |h 371.3 |i Ae34 |p 17516.94 |t Ej.2 | ||
| 859 | |a CEMS |b BIB. CEMS - 11 de abril |h 371.3 |i Ae34 |p 19378.97 |t Ej.1 | ||
| 859 | |a CEMS |b BIB. CEMS - 11 de abril |h 371.3 |i Ae34 |p 19379.97 |t Ej.3 | ||
| 859 | |a CEMS |b BIB. CEMS - 11 de abril |h 371.3 |i Ae34 |p 19380.97 |t Ej.4 | ||
| 859 | |a CEMS |b BIB. CEMS - 11 de abril |h 371.3 |i Ae34 |p 20033.98 |t Ej.5 | ||
| 859 | |a CEMS |b BIB. CEMS - Agricultura |h 371.3 |i Ae34 |p A19789.98 |t Ej.1 | ||
